| 000 | 00577 a2200157 4500 | ||
|---|---|---|---|
| 020 | _a8178801086 | ||
| 040 |
_aDLC _bDLC |
||
| 082 | _a004.03 | ||
| 100 | _aAnand, Aishwarya. | ||
| 245 |
_aEncyclopaedia of Applied information systems : Management information systems therory and practice _cAishwarya Anand and Archana Singh |
||
| 260 |
_aNew Delhi : _bRajat Publications, _c2003. |
||
| 300 |
_avol.1, vi, 294 p. : _b ill. ; _c20 cm |
||
| 500 | _aIncludes bibliographical references and index | ||
| 650 | _aEncyclopedia. Management information systems | ||
| 942 |
_cBK _k004.03 ANA _2ddc |
||
| 999 |
_c4809 _d4809 |
||